| 000 | 01044nam a22003377a 4500 | ||
|---|---|---|---|
| 001 | 0050541 | ||
| 003 | KOHA_MİRAKIL | ||
| 005 | 20260207003731.0 | ||
| 007 | ta | ||
| 008 | 150629b2014 tu |||gr||||#0|||1|tur | | ||
| 020 | _a9789753559782 | ||
| 040 |
_aTR-BiSEU _btur _cTR-BiSEU _erda |
||
| 041 | 0 | _atur | |
| 044 | _ctu | ||
| 050 |
_aPL248.O93 _bA25 2014 |
||
| 100 | 1 | _aÖzdenören, Rasim . | |
| 245 | 1 |
_aAçık mektuplar Şubat - Haziran 1965/ _cRasim Özdenören ; Rasim Özdenören; Yayına Hazırlayan M. Fatih Kutan. |
|
| 264 | 1 |
_aİstanbul : _bİz _c2014 |
|
| 300 | _a80 sayfa; 23 cm. | ||
| 336 |
_ametin _btxt _2rdacontent |
||
| 337 |
_aaracısız _bn _2rdamedia |
||
| 338 |
_acilt _bnc _2rdacarrier |
||
| 490 | 1 |
_aİz Yayıncılk ; _v785. |
|
| 490 | 1 |
_aBütün Eserleri Dizsi ; _v34 |
|
| 650 | 0 |
_aTürk edebiyatı--Mektuplar _98724 |
|
| 650 | 0 |
_aTurkish literature-- Letters _987060 |
|
| 830 | 1 |
_aİz Yayıncılk ; _v785. _993379 |
|
| 830 | 1 |
_aBütün Eserleri Dizsi ; _v34 _993380 |
|
| 907 | _aRoman | ||
| 942 |
_2lcc _cBK |
||
| 999 |
_c50375 _d50375 |
||